Pays n'ayant jamais gagné l'Eurovision Junior - Statistiques

Statistiques générales
  • Ce quiz a été pris 32 fois
  • Le résultat moyen est 22 sur 29
Statistiques - réponses
Meilleure place Pays % Correct
2e (2024) Portugal
96%
4e (2009) Roumanie
88%
13e (2005) *Serbie-et-Monténégro
88%
8e (2004 et 2006) Chypre
85%
3e (2005) Norvège
85%
16e (2004) Suisse
85%
9e (2023) Allemagne
81%
4e (2009) Belgique
81%
4e (2005) Danemark
81%
14e (2024) Estonie
81%
6e (2003 et 2005) Grèce
81%
9e (2003) Lettonie
81%
3e (2008) Lituanie
81%
13e (2015) Monténégro
81%
2e (2004) Royaume-Uni
81%
9e (2025) Saint-Marin
81%
2e (2014) Bulgarie
77%
6e (2011) Moldavie
77%
3e (2007 et 2010) Serbie
77%
3e (2006) Suède
77%
4e (2022) Irlande
73%
5e (2015) Albanie
69%
5e (2021) Azerbaïdjan
69%
5e (2007 et 2008) Macédoine du Nord
69%
3e (2015) Slovénie
69%
8e (2012) Israël
65%
3e (2017 et 2018) Australie
62%
18e (2019) **Pays de Galles
54%
2e (2022) Kazakhstan
50%
Aucun quiz correspondant
Distribution des résultats
% des personnes avec chaque résultat
Percentile par nombre de réponses
Votre historique - résultats
Vous n’avez pas pris ce quiz